Govt. of
Madhya Pradesh

संस्‍कृत साहित्‍य रत्‍नावली ;भाग -2 कालिदास की काव्‍य -रचनाएं (Record no. 64187)

MARC details
000 -LEADER
fixed length control field 00647nam a22001577a 4500
003 - CONTROL NUMBER IDENTIFIER
control field macl
005 - DATE AND TIME OF LATEST TRANSACTION
control field 20210715155120.0
008 - FIXED-LENGTH DATA ELEMENTS--GENERAL INFORMATION
fixed length control field 210715b xxu||||| |||| 00| 0 eng d
040 ## - CATALOGING SOURCE
Transcribing agency macl
082 ## - DEWEY DECIMAL CLASSIFICATION NUMBER
Classification number 891.433/S/PRA
100 ## - MAIN ENTRY--PERSONAL NAME
Personal name प्रभाकर ,विष्‍णु
9 (RLIN) 4847
245 ## - TITLE STATEMENT
Title संस्‍कृत साहित्‍य रत्‍नावली ;भाग -2 कालिदास की काव्‍य -रचनाएं
260 ## - PUBLICATION, DISTRIBUTION, ETC. (IMPRINT)
Place of publication, distribution, etc. दिल्‍ली
Name of publisher, distributor, etc. सस्‍ता साहित्‍य मण्‍डल प्रकाशन
Date of publication, distribution, etc. 2017
650 ## - SUBJECT ADDED ENTRY--TOPICAL TERM
Topical term or geographic name as entry element कहानी
9 (RLIN) 80981
942 ## - ADDED ENTRY ELEMENTS (KOHA)
Source of classification or shelving scheme
Koha item type Hindi Books
Holdings
Withdrawn status Lost status Source of classification or shelving scheme Damaged status Not for loan Home library Current library Date acquired Cost, normal purchase price Total Checkouts Full call number Barcode Date last seen Price effective from Koha item type
          MACL MACL 15/07/2021 55.00   891.433/S/PRA CRH038375 15/07/2021 15/07/2021 Hindi Books